[Event "GBR-ch U16 106th"]
[Site "Torquay"]
[Date "2019.07.29"]
[Round "2"]
[White "Fraser, Susanna"]
[Black "Sanitt, Leo"]
[Result "0-1"]
[WhiteElo "1740"]
[BlackElo "1846"]
[PlyCount "144"]
[EventDate "2019.07.28"]
[EventType "swiss"]
[EventRounds "7"]
[EventCountry "ENG"]
[SourceTitle "EXT 2020"]
[Source "ChessBase"]
[SourceDate "2019.10.17"]
[SourceVersion "1"]
[SourceVersionDate "2019.10.17"]
[SourceQuality "1"]

1. d4 Nf6 2. c4 g6 3. Nf3 Bg7 4. g3 0-0 5. Bg2 d6 6. 0-0 Nc6 7. Nc3 e5 8. dxe5 Nxe5 9. Nxe5 dxe5 10. Qxd8 Rxd8 11. Bg5 Rd4 12. b3 c6 13. Rad1 Bg4 14. h3 Be6 15. e3 Rd7 16. Rxd7 Nxd7 17. e4 Nc5 18. Rd1 Na6 19. Be7 f6 20. Ba3 Kf7 21. Kf1 Bf8 22. Bxf8 Rxf8 23. Rd2 Nc5 24. Ke2 a5 25. Ke3 Ke7 26. Bf1 h5 27. f3 Ra8 28. h4 Ra6 29. Be2 Rb6 30. Rb2 Rb4 31. Kd2 a4 32. Kc2 axb3+ 33. axb3 Rb6 34. b4 Na6 35. Na2 c5 36. b5 Nb8 37. Nc3 Rd6 38. Na4 b6 39. Kc3 Nd7 40. Rd2 Rd4 41. Bf1 Kd6 42. Be2 Kc7 43. Nb2 f5 44. Bd3 f4 45. gxf4 exf4 46. Rg2 Ne5 47. Be2 Bf7 48. Rg5 Kd6 49. Rg2 Ke7 50. Rg5 Kf6 51. Rg1 Be6 52. Rg5 Rd8 53. Rg1 Ra8 54. Rg5 Ra3+ 55. Kc2 Nxf3 56. Bxf3 Rxf3 57. e5+ Kf7 58. Nd3 Bf5 59. Rxf5+ gxf5 60. Kd2 Ke6 61. Ke2 Re3+ 62. Kd2 Re4 63. Kc3 f3 64. Nf2 Re3+ 65. Kd2 Re2+ 66. Kd3 Rxf2 67. Ke3 Ra2 68. Kxf3 Kxe5 69. Kg3 Ra3+ 70. Kg2 Kf4 71. Kh1 Kg3 72. Kg1 Ra1# 0-1

[Event "BCF-chT4S 1819 (4NCL)"]
[Site "England"]
[Date "2019.05.06"]
[Round "11.16"]
[White "Upham, John E"]
[Black "Fraser, Susanna"]
[Result "0-1"]
[WhiteElo "1630"]
[BlackElo "1649"]
[PlyCount "94"]
[EventDate "2018.11.17"]
[EventType "team-swiss"]
[EventRounds "11"]
[EventCountry "ENG"]
[SourceTitle "EXT 2021"]
[Source "ChessBase"]
[SourceDate "2020.10.23"]
[SourceVersion "1"]
[SourceVersionDate "2020.10.23"]
[SourceQuality "1"]
[WhiteTeam "Crowthorne"]
[BlackTeam "Fischer's Catch"]
[WhiteTeamCountry "ENG"]
[BlackTeamCountry "WLS"]

1. Nf3 Nf6 2. d4 d5 3. c4 e6 4. Nc3 Be7 5. Bf4 0-0 6. e3 c5 7. dxc5 Bxc5 8. Qc2 h6 9. h3 Nc6 10. a3 a6 11. Be2 dxc4 12. Bxc4 b5 13. Rd1 Qe7 14. Be2 Bb7 15. 0-0 Rfd8 16. Nd2 Rac8 17. Bf3 Bb6 18. Nde4 Nd5 19. Nxd5 exd5 20. Nc3 d4 21. Nd5 Rxd5 22. Bxd5 Nb4 23. Qe4 Nxd5 24. Qxe7 Nxe7 25. exd4 Rd8 26. Rfe1 Ng6 27. Be3 Nh4 28. f3 Bxf3 29. gxf3 Nxf3+ 30. Kf2 Nxe1 31. Kxe1 Rd5 32. Kf2 Kf8 33. Kf3 Ke7 34. Ke4 Ke6 35. Rc1 f5+ 36. Kd3 Rd6 37. Rc8 Kd5 38. h4 Rd8 39. Rc2 Re8 40. Rg2 f4 41. Bxf4 Bxd4 42. b3 Re4 43. Bg3 Rg4 44. Ke2 Be5 45. Kf3 Rxg3+ 46. Rxg3 Bxg3 47. Kxg3 g5 0-1

[Event "BCF-ch U14"]
[Site "Hull"]
[Date "2018.08.01"]
[Round "4"]
[White "Fraser, Susanna"]
[Black "Saram, Nethuli Dunindee"]
[Result "1/2-1/2"]
[WhiteElo "1537"]
[BlackElo "1352"]
[PlyCount "58"]
[EventDate "2018.07.29"]
[EventType "swiss"]
[EventRounds "7"]
[EventCountry "ENG"]
[SourceTitle "CBM 186 Extra"]
[Source "ChessBase"]
[SourceDate "2018.08.24"]
[SourceVersion "1"]
[SourceVersionDate "2018.08.24"]
[SourceQuality "1"]

1. d4 Nf6 2. c4 e6 3. Nf3 d5 4. g3 dxc4 5. Nbd2 c6 6. Nxc4 Bb4+ 7. Bd2 a5 8. Bg2 Nbd7 9. 0-0 0-0 10. Bf4 Ne4 11. Qd3 f5 12. Nfe5 Nxe5 13. Bxe5 Nd6 14. Ne3 Nf7 15. Nc4 Nd6 16. a3 Nxc4 17. Qxc4 Bd6 18. Bxd6 Qxd6 19. Rfd1 f4 20. Rf1 Bd7 21. Rab1 b5 22. Qd3 Rae8 23. e4 e5 24. Qb3+ Kh8 25. d5 cxd5 26. Qxd5 Qxd5 27. exd5 f3 28. Bh1 g5 29. Rfe1 g4 1/2-1/2

[Event "BCF-ch U14"]
[Site "Hull"]
[Date "2018.07.31"]
[Round "3"]
[White "Gogia, Armaan"]
[Black "Fraser, Susanna"]
[Result "1-0"]
[WhiteElo "1696"]
[BlackElo "1537"]
[PlyCount "69"]
[EventDate "2018.07.29"]
[EventType "swiss"]
[EventRounds "7"]
[EventCountry "ENG"]
[SourceTitle "CBM 186 Extra"]
[Source "ChessBase"]
[SourceDate "2018.08.24"]
[SourceVersion "1"]
[SourceVersionDate "2018.08.24"]
[SourceQuality "1"]

1. e4 e5 2. Nf3 Nc6 3. Bb5 Nge7 4. 0-0 g6 5. c3 Bg7 6. d4 exd4 7. cxd4 a6 8. Ba4 b5 9. Bc2 0-0 10. Nc3 Bb7 11. Re1 d6 12. Bg5 Qd7 13. Rc1 Rfe8 14. Qd2 Rac8 15. Ne2 Bh8 16. Ng3 Nd8 17. Bb3 Ne6 18. h4 Nxg5 19. Nxg5 d5 20. Qf4 Rf8 21. e5 Bg7 22. h5 Bh6 23. hxg6 hxg6 24. Qh4 Kg7 25. e6 Qd6 26. Nxf7 Rxf7 27. exf7 Bxc1 28. f8Q+ Rxf8 29. Rxe7+ Rf7 30. Rxf7+ Kxf7 31. Qh7+ Kf6 32. Bc2 Kg5 33. Ne2 Bd2 34. g3 Bc8 35. Qh4# 1-0

[Event "BCF-chT4S 1718 (4NCL)"]
[Site "England"]
[Date "2018.05.07"]
[Round "11.75"]
[White "Fraser, Susanna"]
[Black "Ribbands, Patrick C"]
[Result "1/2-1/2"]
[WhiteElo "1464"]
[BlackElo "1735"]
[PlyCount "136"]
[EventDate "2017.11.11"]
[EventType "team-swiss"]
[EventRounds "11"]
[EventCountry "ENG"]
[SourceTitle "EXT 2020"]
[Source "ChessBase"]
[SourceDate "2019.10.17"]
[SourceVersion "1"]
[SourceVersionDate "2019.10.17"]
[SourceQuality "1"]
[WhiteTeam "Fischer's Catch"]
[BlackTeam "Poisoned Pawns II"]
[WhiteTeamCountry "WLS"]
[BlackTeamCountry "ENG"]

1. d4 g6 2. c4 Bg7 3. Nf3 d6 4. g3 Nd7 5. Bg2 c5 6. 0-0 cxd4 7. Nxd4 Ngf6 8. Nc3 0-0 9. Qc2 Rb8 10. b3 Ne5 11. Bb2 Bd7 12. Nd5 Nxd5 13. Bxd5 Nc6 14. Nxc6 Bxc6 15. Bxg7 Kxg7 16. Bxc6 bxc6 17. Qe4 Qc7 18. Rac1 c5 19. Rfd1 Qb7 20. Qg4 a5 21. Rb1 Qb4 22. Qe4 Rfe8 23. h4 h5 24. Rb2 a4 25. Rdb1 Qa3 26. Qc2 axb3 27. Rxb3 Rxb3 28. axb3 Rb8 29. Qc3+ f6 30. Qe3 Qa7 31. Qe6 Rb4 32. f3 Qb7 33. Kf2 Kf8 34. Qe3 Kg7 35. Qe6 Qc7 36. Ra1 Qb7 37. Rb1 Qa7 38. Ra1 Qb7 39. Rb1 Qc7 40. Ra1 Rb8 41. Ra2 Kf8 42. Kg2 Qc8 43. Qe3 Kf7 44. Qh6 Qh8 45. Qd2 Rxb3 46. Ra7 Qe8 47. Qxd6 Re3 48. Kf2 Re5 49. f4 Re6 50. Qd5 Qb8 51. Ra6 Qc8 52. Rxe6 Qxe6 53. Qxc5 Qd6 54. Qxd6 exd6 55. Ke3 Ke6 56. Ke4 f5+ 57. Kd4 Kd7 58. e3 Ke7 59. c5 dxc5+ 60. Kxc5 Ke6 61. Kc4 Kd6 62. Kd4 Ke6 63. e4 fxe4 64. Kxe4 Kf6 65. Ke3 Ke6 66. Ke2 Kf6 67. Kf3 Kf5 68. Kf2 Kf6 1/2-1/2

[Event "Tom Weston Major op"]
[Site "Cardiff"]
[Date "2018.03.30"]
[Round "1"]
[White "Buttell, David"]
[Black "Fraser, Susanna"]
[Result "1-0"]
[WhiteElo "1773"]
[BlackElo "1486"]
[PlyCount "137"]
[EventDate "2018.03.30"]
[EventType "swiss"]
[EventRounds "7"]
[EventCountry "WLS"]
[SourceTitle "EXT 2020"]
[Source "ChessBase"]
[SourceDate "2019.10.17"]
[SourceVersion "1"]
[SourceVersionDate "2019.10.17"]
[SourceQuality "1"]

1. d4 d5 2. c4 e6 3. Nc3 Nf6 4. cxd5 exd5 5. Bg5 Be7 6. Qc2 0-0 7. e3 h6 8. Bh4 Be6 9. Bd3 Nc6 10. a3 Ng4 11. Bg3 Bh4 12. Bxh4 Qxh4 13. Nf3 Qe7 14. 0-0 a6 15. Na4 Rab8 16. b4 Nf6 17. Nc5 Bg4 18. Nd2 Nd7 19. Nxa6 Nxd4 20. exd4 bxa6 21. Bxa6 Qf6 22. Bd3 Qxd4 23. Nb3 Qe5 24. Rfe1 Qd6 25. f3 Qb6+ 26. Qf2 Qxf2+ 27. Kxf2 Be6 28. Nd4 c5 29. Nxe6 fxe6 30. Rxe6 cxb4 31. axb4 Rxb4 32. Rd6 Nc5 33. Rxd5 Rb2+ 34. Kg3 Nxd3 35. Rxd3 Rf6 36. Kh3 Re6 37. Ra4 Re5 38. Rg4 h5 39. Rg6 Kh7 40. Rdd6 Rc2 41. f4 Ree2 42. Rg5 h4 43. Rd7 Rf2 44. Rgxg7+ Kh8 45. Rg4 Rb2 46. Rd5 Rb7 47. Rh5+ Rh7 48. Kxh4 Rxh5+ 49. Kxh5 Kh7 50. h4 Rf1 51. g3 Rf3 52. Rg5 Rd3 53. f5 Rd6 54. Rg4 Rh6+ 55. Kg5 Kg7 56. Rc4 Rd6 57. h5 Rb6 58. g4 Rd6 59. h6+ Kg8 60. f6 Rd7 61. Kg6 Rd8 62. g5 Rb8 63. Rc7 Rd8 64. Rg7+ Kh8 65. Rh7+ Kg8 66. f7+ Kf8 67. Rh8+ Ke7 68. Rxd8 Kxd8 69. f8Q+ 1-0

[Event "BCF-ch U14"]
[Site "Llandudno"]
[Date "2017.07.30"]
[Round "1"]
[White "Gurner, Jem"]
[Black "Fraser, Susanna"]
[Result "1-0"]
[WhiteElo "1660"]
[BlackElo "1475"]
[PlyCount "51"]
[EventDate "2017.07.30"]
[EventType "swiss"]
[EventRounds "7"]
[EventCountry "WLS"]
[SourceTitle "CBM 179 Extra"]
[Source "ChessBase"]
[SourceDate "2017.08.23"]
[SourceVersion "1"]
[SourceVersionDate "2017.08.23"]
[SourceQuality "1"]

1. d4 d5 2. Bf4 Nf6 3. e3 e6 4. Nf3 Be7 5. c3 Nbd7 6. Bd3 0-0 7. Nbd2 c5 8. Ne5 cxd4 9. exd4 b6 10. Qf3 Bb7 11. Qh3 h6 12. Ndf3 Bd6 13. Nxf7 Rxf7 14. Bxd6 Ne4 15. Bxe4 dxe4 16. Ne5 Nxe5 17. Bxe5 Qg5 18. Qxe6 Qxg2 19. 0-0-0 Qf3 20. Rhg1 Kf8 21. Rxg7 Qxf2 22. Rxf7+ Qxf7 23. Bd6+ Kg8 24. Rg1+ Kh8 25. Qxf7 e3 26. Be5# 1-0